| 000 | 00853nam a2200229 a 4500 | ||
|---|---|---|---|
| 008 | 161026s2013 ||||||||||||||||| || u | ||
| 020 | _a9781446202890 | ||
| 050 | _aHM 621 Cre | ||
| 100 | _aFlew, Terry | ||
| 245 | 1 | 0 |
_aCreative industries _cBy John Hartley, Jason Potts, Stuart Cunningham, Terry Flew, Michael Keane and John Banks |
| 260 |
_aLos Angeles: _bSAGE Publications _c2013 |
||
| 300 | _axii, 184p. | ||
| 490 | _aSAGE Key Concepts | ||
| 650 | 0 | _aPopular culture - Economic aspects | |
| 650 | 0 | _aCULTURAL INDUSTRIES | |
| 650 | 0 | _aCulture - Economic aspects | |
| 650 | _aINDUSTRIES-- SOCIAL ASPECTS | ||
| 700 | _aPotts, Jason | ||
| 700 | _aHartley, John | ||
| 700 | _aCunningham, Stuart | ||
| 995 |
_FCBU-MAIN LIBRARY (Kitwe) _M1 _UAVAILABLE _WNov 11, 2016 _ZMain Library Open Access Collection |
||
| 999 |
_c39145 _d39145 |
||